| 000 | 00389nam a22001457a 4500 | ||
|---|---|---|---|
| 003 | OSt | ||
| 008 | 250106b |||||||| |||| 00| 0 eng d | ||
| 020 | _a9788120319523 | ||
| 082 |
_a621.381 _bSAN/BA |
||
| 100 |
_aSantiram,Kal _9763 |
||
| 245 | _aBasic Electronics:Devices, Circuits and IT Fundamentals | ||
| 260 |
_aDelhi _bPHI Learning Private Limited _c2013 |
||
| 300 | _a575 | ||
| 942 | _cBK | ||
| 999 |
_c14457 _d14457 |
||